[Event "Michigan Amateur"]
[Site "Kalamazoo, MI"]
[Date "2000.07.29"]
[Round "3.23"]
[White "Choate, Eric"]
[Black "Kizer, Gerald"]
[Result "1-0"]
[WhiteElo "1187"]
[BlackElo "1461"]
[PlyCount "91"]
[EventDate "2000.07.29"]

1. e4 e6 2. d4 d5 3. exd5 exd5 4. Nf3 Nf6 5. Bd3 Be7 6. O-O O-O 7. Nc3 Bg4 8.
h3 Bxf3 9. Qxf3 c6 10. Bf4 Bd6 11. Rfe1 Qc7 12. Be5 Nbd7 13. Bxd6 Qxd6 14. a3
Rfe8 15. Re2 Rxe2 16. Qxe2 Re8 17. Qd2 Ne4 18. Nxe4 dxe4 19. Bc4 Nf6 20. Re1
Kf8 21. c3 Nd5 22. Qg5 Qf6 23. Qh5 e3 24. fxe3 Rxe3 25. Rf1 Qg6 26. Qxg6 hxg6
27. Bxd5 cxd5 28. Kf2 Rd3 29. Re1 Rd2+ 30. Re2 Rxe2+ 31. Kxe2 g5 32. b3 Ke7 33.
c4 f5 34. Kd3 Ke6 35. Kc3 Kd6 36. Kb4 Kc6 37. Ka5 g6 38. a4 Kd6 39. Kb5 f4 40.
a5 g4 41. hxg4 g5 42. a6 b6 43. b4 dxc4 44. Kxc4 Ke6 45. Kd3 Kd5 46. b5 1-0

[Event "Michigan Amateur"]
[Site "Kalamazoo, MI"]
[Date "2000.07.29"]
[Round "2.23"]
[White "Cahill, David"]
[Black "Gerdom, Stefanie"]
[Result "1-0"]
[WhiteElo "1305"]
[BlackElo "880"]
[PlyCount "57"]
[EventDate "2000.07.29"]

1. e4 e5 2. Nf3 Nc6 3. Bb5 Nd4 4. Nxd4 exd4 5. O-O c6 6. Ba4 b5 7. Bb3 d6 8. d3
Nf6 9. Nd2 h5 10. Nf3 c5 11. Bg5 Be7 12. Qe2 Qc7 13. Rfe1 Ba6 14. Rad1 c4 15.
dxc4 bxc4 16. Ba4+ Kf8 17. Qd2 Rd8 18. Nxd4 Bb7 19. f3 Qc5 20. c3 a5 21. Be3
Ne8 22. Ne6+ fxe6 23. Bxc5 dxc5 24. Qf4+ Nf6 25. Rxd8+ Bxd8 26. e5 Bc7 27. Rd1
Ke7 28. exf6+ gxf6 29. Qxc7+ 1-0

[Event "Michigan Amateur"]
[Site "Kalamazoo, MI"]
[Date "2000.07.29"]
[Round "2.3"]
[White "Brumley, Ron"]
[Black "Farmand, Farnood"]
[Result "1-0"]
[WhiteElo "1873"]
[BlackElo "1641"]
[Annotator "Jeff Aldrich"]
[PlyCount "114"]
[EventDate "2000.07.29"]

{Old Benoni} 1. d4 e6 2. Nf3 c5 3. e3 cxd4 4. exd4 Nf6 5. Bd3 Nc6 6. c3 Be7 7.
O-O b6 8. Ne5 Bb7 9. f4 d6 10. Ng4 Qc7 11. Nxf6+ Bxf6 12. d5 exd5 13. Re1+ Ne7
14. Bb5+ Kf8 {White has sacrificed a pawn to keep black's king in the center,
but his lack of development does not allow him to take advantage.} 15. Be3 a6
16. Bd3 Re8 17. Nd2 Nc6 18. Nf3 g6 19. Bf1 Ne7 20. Bd4 Bg7 21. Bxg7+ Kxg7 22.
Qd4+ f6 23. Re6 Rhf8 24. Rae1 Nf5 25. Rxe8 Nxd4 26. Nxd4 (26. R8e7+ Rf7 27.
Rxc7 Nxf3+ 28. gxf3 Rxc7 {leaves white down only a pawn with no compensation.
I get the feeling he was looking for a bit more.}) 26... Rxe8 27. Rxe8 Qd7 28.
Rd8 Qe7 29. Kf2 Kh6 30. Rb8 Qc7 31. Rf8 Qe7 32. Rb8 Qc7 33. Re8 Bc8 34. Bd3 Qd7
35. Re2 Qg4 36. g3 g5 37. f5 Bxf5 $4 {Black had a completely reasonable game
until this move.} 38. Nxf5+ Kh5 39. Nd4 (39. Re7 {forces mate.}) 39... Qd7 40.
Bc2 b5 41. a3 a5 42. b4 Qc7 43. Re3 axb4 44. axb4 Qa7 45. h3 g4 46. h4 Qa2 47.
Re7 f5 48. Ke2 Kg6 49. Kd2 Kf6 50. Rxh7 f4 51. Rh6+ Kf7 52. gxf4 Qc4 53. Bb3
Qf1 54. Bxd5+ Ke7 55. Rh7+ Kf6 56. Ne2 g3 57. h5 g2 1-0

[Event "Michigan Amateur"]
[Site "Kalamazoo, MI"]
[Date "2000.07.29"]
[Round "2.18"]
[White "Brown, Dan"]
[Black "Raban, David"]
[Result "1-0"]
[WhiteElo "1715"]
[BlackElo "1586"]
[Annotator "Jeff Aldrich"]
[PlyCount "79"]
[EventDate "2000.07.29"]

{Queen's Pawn: Zukertort (Catalan)} 1. Nf3 Nf6 2. g3 d5 3. d4 Bf5 4. Bg2 Nbd7
5. O-O e6 6. b3 Bd6 7. Bb2 Qe7 8. c4 dxc4 9. bxc4 c5 10. Nc3 Nb6 11. Re1 Nfd7
12. Qb3 cxd4 13. Nxd4 Nc5 14. Nxf5 (14. Qb5+ {saves the exchange, but white
doesn't seem to mind.}) 14... Nxb3 15. Nxe7 Nxa1 16. Bxa1 Kxe7 17. Bxb7 Rab8
18. Ba6 Bb4 19. Rc1 Bxc3 $2 {This move leaves white's bishops free to roam the
board unopposed.} 20. Bxc3 Rhd8 21. Bxg7 Rd2 22. a3 Ra2 23. Bd4 Na4 24. Bb5
Rxa3 25. Bxa7 Rc8 26. Bd4 Nc5 27. Rd1 Ra2 28. Kf1 Rc2 29. h4 Ne4 30. Ra1 Nd2+
31. Kg2 Nxc4 32. Ra7+ Kf8 33. Bf6 Nb6 34. Bd3 Rd2 35. Bxh7 Rxe2 36. h5 Nd5 37.
Bg5 Rc7 $4 {Hoping to get the rook off the 7th rank and clear some space for
the king. It definitely backfires.} 38. Ra8+ Kg7 39. Bd3 Rb2 $2 40. h6# 1-0

[Event "Michigan Amateur"]
[Site "Kalamazoo, MI"]
[Date "2000.07.29"]
[Round "1.17"]
[White "Blaine, Roger"]
[Black "Foreman, Steve"]
[Result "1-0"]
[WhiteElo "1723"]
[BlackElo "956"]
[PlyCount "63"]
[EventDate "2000.07.29"]

1. f4 e6 2. Nf3 d5 3. e3 Nf6 4. b3 Nc6 5. Bb2 Bd6 6. Bb5 O-O 7. O-O Qe7 8. Bxc6
bxc6 9. d3 Re8 10. Ne5 Ba6 11. Nxc6 Qd7 12. Ne5 Bxe5 13. fxe5 Ne4 14. dxe4 Bxf1
15. Kxf1 Qe7 16. exd5 Rad8 17. e4 Qh4 18. Qf3 Qxh2 19. Nd2 Rf8 20. Nc4 f5 21.
exf6 exd5 22. exd5 Rf7 23. Ne3 g6 24. Ng4 Qd6 25. Nh6+ Kf8 26. Nxf7 Kxf7 27.
Re1 Re8 28. Rxe8 Kxe8 29. Qe4+ Kd8 30. f7 Qe7 31. Qxe7+ Kxe7 32. Be5 1-0

[Event "Michigan Amateur"]
[Site "Kalamazoo, MI"]
[Date "2000.07.29"]
[Round "3.3"]
[White "Blaine, Roger"]
[Black "Evans Sr., Thomas"]
[Result "1-0"]
[WhiteElo "1723"]
[BlackElo "1867"]
[Annotator "Jeff Aldrich"]
[PlyCount "121"]
[EventDate "2000.07.29"]

{Bird} 1. f4 Nf6 2. b3 e6 3. Bb2 Ne4 4. Nf3 d5 5. e3 Nc6 ({Playing} 5... c5 {
before bringing out the knight increases black's influence on the center. Now,
the c-pawn become a liability the entire game.}) 6. Bb5 Bd7 7. Bxc6 Bxc6 8. d3
Nf6 9. Ne5 Bd6 10. O-O O-O 11. Nd2 Qe7 12. Ndf3 Rfd8 13. Nxc6 bxc6 14. Nd4 Qd7
15. Nf3 Ne8 16. Ne5 Bxe5 17. Bxe5 {White's strong bishop and black's doubled
pawns gives white a clear advantage.} f6 18. Bb2 Nd6 19. Qf3 Qf7 20. e4 a5 21.
e5 Ne8 22. a4 Rab8 23. Qe3 Qe7 24. Ba3 Qd7 25. d4 f5 26. Qc3 g6 ({On} 26... Ra8
27. Qc5 h6 {allows an attack on the king that black would survive. Holding
onto the a-pawn slows down the queen-side a little.}) 27. Qxa5 {Now white
dominates the queen-side.} Ng7 28. Qc5 h6 29. Rfb1 Nh5 30. Bc1 Kh7 31. b4 Rg8
32. b5 cxb5 33. axb5 Rb7 34. Ra6 Rgb8 35. Rc6 Ng7 36. Bd2 Ne8 37. Rb3 Ra8 38.
Rh3 Ra1+ 39. Kf2 Ra4 40. Rc3 Kg8 41. Bc1 Qf7 42. Ra6 Rc4 43. Rxc4 dxc4 44. Qxc4
Ng7 45. Qc6 Rb8 46. c4 g5 47. fxg5 hxg5 48. Qf3 g4 49. Qf4 Qe7 50. Qg5 Qb4 51.
Rc6 Qc3 52. Be3 f4 53. Bxf4 Qxd4+ 54. Kg3 Rf8 55. Rxc7 Qxf4+ {A nice
combination to win a piece, but it is too little too late.} 56. Qxf4 Nh5+ 57.
Kxg4 Nxf4 58. b6 Ng6 59. b7 Nxe5+ 60. Kg3 Nd7 61. Rxd7 1-0

[Event "Michigan Amateur"]
[Site "Kalamazoo, MI"]
[Date "2000.07.29"]
[Round "1.14"]
[White "Avery, Robert"]
[Black "Semerciyan, Mike"]
[Result "0-1"]
[WhiteElo "1081"]
[BlackElo "1800"]
[PlyCount "98"]
[EventDate "2000.07.29"]

1. e4 e6 2. Nc3 d5 3. exd5 exd5 4. d4 Nf6 5. Bg5 Be7 6. Nf3 Bf5 7. Bd3 Bxd3 8.
Qxd3 c6 9. O-O O-O 10. Rfe1 h6 11. Bh4 Nbd7 12. Re2 g5 13. Bg3 Nh5 14. Ne5 Nxg3
15. Qxg3 Nxe5 16. dxe5 Qd7 17. Rae1 Qf5 18. e6 Bf6 19. Nd1 Qf4 20. Qd3 fxe6 21.
Qg6+ Bg7 22. Rxe6 Qf5 23. Qxf5 Rxf5 24. Re8+ Rxe8 25. Rxe8+ Bf8 26. Ne3 Rf7 27.
g4 Rf4 28. Nf5 Rxg4+ 29. Kf1 Kf7 30. Re3 Rf4 31. Ng3 Bc5 32. Re2 b5 33. c3 a5
34. a3 a4 35. Kg2 Kg6 36. h3 Rf6 37. f3 h5 38. Re1 g4 39. hxg4 hxg4 40. fxg4
Rf2+ 41. Kh3 Kf7 42. Rf1 Rxf1 43. Nxf1 d4 44. Kg3 dxc3 45. bxc3 Bxa3 46. Nd2
Bb2 47. Nb1 a3 48. Nxa3 Bxa3 49. Kf4 Bb2 0-1

[Event "Michigan Amateur"]
[Site "Kalamazoo, MI"]
[Date "2000.07.29"]
[Round "1.28"]
[White "Avery, James"]
[Black "Grzegorczyk, Ron"]
[Result "0-1"]
[WhiteElo "627"]
[BlackElo "1537"]
[PlyCount "74"]
[EventDate "2000.07.29"]

1. e4 c5 2. Nf3 Nc6 3. Be2 e5 4. O-O Nf6 5. Nc3 a6 6. d3 Be7 7. Be3 O-O 8. Nd5
d6 9. Nxe7+ Qxe7 10. c3 h6 11. Qc2 b5 12. d4 exd4 13. cxd4 c4 14. d5 Ne5 15.
Nxe5 Qxe5 16. f4 Qxe4 17. Qxe4 Nxe4 18. Bf3 Bf5 19. g4 Bh7 20. f5 Rfe8 21. Bc1
Rac8 22. Re1 Nf6 23. Rxe8+ Rxe8 24. Bf4 Rd8 25. g5 hxg5 26. Bxg5 Bxf5 27. Bh5
Bg6 28. Bg4 Re8 29. Rf1 Nxg4 30. Rf4 Ne5 31. b3 c3 32. a4 c2 33. Rf2 bxa4 34.
bxa4 Ng4 35. Rf3 Re1+ 36. Kg2 Be4 37. Bh4 c1=Q 0-1

[Event "Michigan Amateur"]
[Site "Kalamazoo, MI"]
[Date "2000.07.29"]
[Round "2.4"]
[White "Avery, Bill"]
[Black "Skidmore, Jennifer"]
[Result "1/2-1/2"]
[WhiteElo "1561"]
[BlackElo "1867"]
[PlyCount "128"]
[EventDate "2000.07.29"]

1. d4 d5 2. Nf3 c6 3. Bg5 h6 4. Bh4 Nf6 5. e3 Bf5 6. Bd3 Ne4 7. Bxe4 dxe4 8.
Ne5 Nd7 9. Nxd7 Qxd7 10. O-O g5 11. Bg3 h5 12. f3 exf3 13. Qxf3 Bg6 14. Nc3 Bh6
15. d5 h4 16. Be5 Rg8 17. dxc6 Qxc6 18. Qxc6+ bxc6 19. e4 g4 20. Rad1 Be3+ 21.
Kh1 f6 22. Rd3 Bb6 23. Bf4 Ba5 24. Re1 Kf7 25. a3 Rgd8 26. b4 Bb6 27. Be3 Bc7
28. Red1 Rxd3 29. Rxd3 Be5 30. Bd4 Bd6 31. Kg1 a5 32. Bc5 axb4 33. Bxd6 exd6
34. axb4 Ke7 35. Kf2 Rb8 36. Rd4 Ke6 37. Ke3 Ke5 38. Rc4 f5 39. exf5 Bxf5 40.
Ne2 d5 41. Rxc6 Rxb4 42. g3 h3 43. Nf4 Re4+ 44. Kd2 Rd4+ 45. Ke3 Re4+ 46. Kd2
Rxf4 47. gxf4+ Kxf4 48. Rc3 Be4 49. Rg3 d4 50. c3 dxc3+ 51. Kxc3 Bf3 52. Kd4
Bg2 53. Kd3 Bf3 54. Kd2 Ke4 55. Ke1 Ke3 56. Kf1 Kf4 57. Kf2 Ke4 58. Rg1 Kf4 59.
Rb1 Bg2 60. Rb4+ Be4 61. Rc4 Kf5 62. Kg3 Bf3 63. Rc5+ Kg6 64. Kh4 Kf6 1/2-1/2

[Event "Michigan Amateur"]
[Site "Kalamazoo, MI"]
[Date "2000.07.29"]
[Round "3.5"]
[White "Armstead, Curt"]
[Black "Herndon, Robert"]
[Result "1-0"]
[WhiteElo "1847"]
[BlackElo "1791"]
[PlyCount "65"]
[EventDate "2000.07.29"]

1. d4 Nf6 2. c4 e6 3. g3 d5 4. Bg2 Be7 5. Nf3 O-O 6. O-O c5 7. cxd5 Nxd5 8. e4
Nf6 9. Nc3 cxd4 10. Nxd4 e5 11. Nf3 Nc6 12. Be3 Bg4 13. h3 Bxf3 14. Bxf3 Nd4
15. Bg2 Qd6 16. Nd5 Nxd5 17. exd5 Bf6 18. Rc1 Rac8 19. Qg4 Rc2 20. Rxc2 Nxc2
21. Rc1 Nxe3 22. fxe3 Qb6 23. Qe2 Re8 24. b3 g6 25. h4 Be7 26. Kh1 Bc5 27. e4
Re7 28. Rf1 Rc7 29. Qf3 Ba3 30. Bh3 Rc1 31. Qxf7+ Kh8 32. Rxc1 Qd8 33. Rc8 1-0

[Event "Michigan Amateur"]
[Site "Kalamazoo, MI"]
[Date "2000.07.29"]
[Round "1.9"]
[White "Armstead, Curt"]
[Black "Clark, Richard"]
[Result "1-0"]
[WhiteElo "1847"]
[BlackElo "1193"]
[PlyCount "87"]
[EventDate "2000.07.29"]

1. d4 Nf6 2. c4 g6 3. Nc3 Bg7 4. e4 d6 5. f3 O-O 6. Be3 b6 7. Bd3 Bb7 8. Nge2
e5 9. d5 Na6 10. g4 Nc5 11. Ng3 Nxd3+ 12. Qxd3 a6 13. h4 Bc8 14. O-O-O Nxg4 15.
fxg4 Bxg4 16. Rdf1 h5 17. Bg5 f6 18. Be3 Qd7 19. Nd1 Qe7 20. Nf2 Bd7 21. Qe2
Be8 22. Rhg1 Kh7 23. Qd2 Bd7 24. Rg2 Rf7 25. Qe2 Bh6 26. Bxh6 Kxh6 27. Rfg1 Rg7
28. Nxh5 gxh5 29. Rxg7 Qxg7 30. Rxg7 Kxg7 31. Qxh5 Rh8 32. Qf3 Kg6 33. Qg3+ Kf7
34. Nd1 Rg8 35. Qh2 Rg4 36. Nf2 Rg7 37. Nh1 Rg4 38. Ng3 Kg6 39. b3 f5 40. exf5+
Bxf5 41. Nxf5 Kxf5 42. h5 Kg5 43. h6 Rh4 44. Qxh4+ 1-0

[Event "Michigan Amateur"]
[Site "Kalamazoo, MI"]
[Date "2000.07.29"]
[Round "1.25"]
[White "Aldrich, Justin"]
[Black "Hassen, Matt"]
[Result "1-0"]
[WhiteElo "1574"]
[BlackElo "712"]
[PlyCount "105"]
[EventDate "2000.07.29"]

1. e4 c5 2. Nf3 d6 3. Bb5+ Bd7 4. Bxd7+ Nxd7 5. Nc3 Ngf6 6. O-O g6 7. d3 Bg7 8.
Bg5 a6 9. Qc1 b5 10. a3 h6 11. Bd2 Nb6 12. h3 b4 13. Ne2 a5 14. Nh2 Ng8 15.
axb4 axb4 16. Rxa8 Qxa8 17. f4 Qa2 18. b3 Qa3 19. Qxa3 bxa3 20. Bc3 Bxc3 21.
Nxc3 e6 22. Ra1 Ne7 23. Nb5 Kd7 24. Rxa3 Nec8 25. Ng4 f5 26. Nf6+ Ke7 27. e5
dxe5 28. fxe5 Nd7 29. Nxd7 Kxd7 30. Ra8 Rd8 31. Ra6 g5 32. Kf2 h5 33. Ke3 h4
34. d4 cxd4+ 35. Nxd4 Re8 36. c4 g4 37. hxg4 fxg4 38. Kf4 g3 39. Kg4 Rh8 40.
Nf3 h3 41. Kxg3 hxg2 42. Kxg2 Rf8 43. Nd4 Rg8+ 44. Kf3 Rg6 45. b4 Ke7 46. b5
Kd7 47. Rc6 Na7 48. Rd6+ Kc8 49. b6 Rg7 50. Nxe6 Rf7+ 51. Ke4 Nb5 52. cxb5 Rb7
53. Rd8# 1-0

[Event "Michigan Amateur"]
[Site "Kalamazoo, MI"]
[Date "2000.07.29"]
[Round "3.17"]
[White "Aldrich, Justin"]
[Black "Clark, Richard"]
[Result "1/2-1/2"]
[WhiteElo "1574"]
[BlackElo "1193"]
[Annotator "Jeff Aldrich"]
[PlyCount "101"]
[EventDate "2000.07.29"]

{Pirc: Kholmov} 1. e4 d6 2. Nf3 g6 3. d4 Bg7 4. Bc4 Nf6 5. Nbd2 O-O 6. h3 Nh5
7. O-O c5 8. dxc5 dxc5 9. Nb3 Qc7 10. Be3 Nd7 11. c3 b6 12. Qc1 e5 13. Rd1 Bb7
14. Bd5 {White is starting to take control of the center.} Rad8 15. c4 Bxd5 16.
exd5 Qd6 17. Bh6 Nf4 18. Bxf4 exf4 19. Nbd2 f5 $2 {Creating a big hole on e6.
White immediately takes advantage.} 20. Ng5 Rde8 21. Ne6 Rxe6 22. dxe6 Qxe6 23.
Nf3 Ne5 24. Re1 Nxf3+ 25. gxf3 Qf6 26. Rb1 Qg5+ 27. Kh2 Kf7 28. Qd2 Bd4 29. Qe2
Be3 $4 {Giving up the bishop for a perceived attack.} 30. fxe3 $6 (30. Rg1 {
would make white's life a lot easier.}) 30... Qg3+ 31. Kh1 Qxh3+ 32. Kg1 fxe3
33. Qg2 Qh6 34. Rbd1 Re8 35. Rd7+ Kf6 36. Qg3 e2 37. f4 Re4 38. Qg5+ Qxg5+ 39.
fxg5+ Kxg5 40. Rxh7 {White has a rook for 3 pawns. Should be an easy win,
right?} Kf4 41. Rh4+ $6 (41. Kf2 {keeps the king out and eliminates the
dangerous e-pawn. White assumes that trading rooks will lead to a win.}) 41...
Kf3 $6 ({With} 41... Ke3 $1 {black is now winning.} 42. Rxe4+ fxe4 43. Kg2 Kd2
44. Kf2 e3+ {and the king is forced away from the rook.}) 42. Rxe4 fxe4 43. b4
g5 $6 ({Black still has the opportunity to play} 43... Ke3 {with a winning
game.}) 44. bxc5 bxc5 45. Rb1 g4 46. Rb3+ e3 47. Rb1 Ke4 48. a4 a5 49. Ra1 Kd3
50. Ra3+ Kd2 51. Ra2+ {White will check forever and black can never move away
from the pawns.} 1/2-1/2

[Event "Michigan Amateur"]
[Site "Kalamazoo, MI"]
[Date "2000.07.29"]
[Round "2.21"]
[White "Aldrich, Jeff"]
[Black "Stacey, William"]
[Result "0-1"]
[WhiteElo "1944"]
[BlackElo "1471"]
[PlyCount "124"]
[EventDate "2000.07.29"]

1. d4 d5 2. c4 Nf6 3. cxd5 Nxd5 4. e4 Nf6 5. Nc3 e6 6. Bd3 Bb4 7. Nf3 Nc6 8.
O-O h6 9. Bc2 O-O 10. e5 Nd7 11. Qd3 f5 12. exf6 Nxf6 13. Bxh6 gxh6 14. Qg6+
Kh8 15. Qxh6+ Kg8 16. Qg6+ Kh8 17. Ng5 Qe7 18. Qh6+ Kg8 19. Nce4 Qg7 20. Nxf6+
Rxf6 21. Qh5 Nxd4 22. Bh7+ Kf8 23. Bd3 Bd6 24. Nh7+ Ke7 25. Nxf6 Qxf6 26. Rae1
Bd7 27. Qh7+ Qf7 28. Qxf7+ Kxf7 29. h3 Rh8 30. f4 Bc5 31. Kh2 Bc6 32. f5 e5 33.
g3 Kf6 34. h4 Nf3+ 35. Kh3 Nxe1 36. Rxe1 Re8 37. g4 e4 38. Bc4 Bf2 39. Re2 e3
40. Bd3 Be4 41. Bxe4 Rxe4 42. Kg2 Rxg4+ 43. Kf3 Kxf5 44. Rc2 Rxh4 45. Rxc7 Rb4
46. b3 a6 47. Rf7+ Ke5 48. Rd7 Rf4+ 49. Ke2 Bg1 50. Rxb7 Rf2+ 51. Kd3 Rd2+ 52.
Kc3 Rxa2 53. Kd3 Rd2+ 54. Kc3 Kf4 55. Rf7+ Kg3 56. Rf6 Bf2 57. Rxa6 Kf3 58.
Rf6+ Ke2 59. Ra6 Rd1 60. Rh6 Kf1 61. Kc2 e2 62. Rh1+ Bg1 0-1

[Event "Michigan Amateur"]
[Site "Kalamazoo, MI"]
[Date "2000.07.29"]
[Round "3.30"]
[White "Aldrich, Jeff"]
[Black "Feller, Brad"]
[Result "1-0"]
[WhiteElo "1944"]
[BlackElo "893"]
[PlyCount "47"]
[EventDate "2000.07.29"]

1. d4 c5 2. d5 d6 3. c4 g6 4. e4 Nf6 5. Nc3 Bg7 6. f3 O-O 7. Be3 Qb6 8. Qd2 Re8
9. Rb1 Nbd7 10. Nh3 Nh5 11. Be2 Ne5 12. Nf2 Nf6 13. g4 Qa6 14. b3 Qa5 15. Rc1
Qb4 16. h4 Kh8 17. h5 Ng8 18. f4 Nd7 19. hxg6 fxg6 20. f5 Ne5 21. Nd3 Nxd3+ 22.
Bxd3 gxf5 23. exf5 Nf6 24. Qh2 1-0

[Event "Michigan Amateur"]
[Site "Kalamazoo, MI"]
[Date "2000.07.30"]
[Round "4"]
[White "Williams, Ron"]
[Black "Blaine, Roger"]
[Result "1-0"]
[WhiteElo "1982"]
[BlackElo "1723"]
[Annotator "Jeff Aldrich"]
[PlyCount "51"]
[EventDate "2000.07.29"]

{English: Anglo-Dutch} 1. c4 e6 2. Nc3 f5 3. Nf3 Nf6 4. g3 b6 5. Bg2 Bb7 6. O-O
Be7 7. d3 O-O 8. a3 a5 9. Rb1 Qe8 10. b4 axb4 11. axb4 d6 12. Nb5 Bd8 13. Nbd4
h6 14. b5 Nfd7 $2 15. Bb2 ({Better is} 15. Nxe6 $1 Qxe6 16. Nd4 Qf6 17. Bxb7)
15... e5 16. Nc2 Bf6 17. Ra1 Nc5 18. Rxa8 Bxa8 19. Qa1 Nbd7 20. d4 Nb3 ({If} 
20... exd4 {black has a couple of good posts on c5 and e5. Plus the Ba8 is
spared a watery grave.}) 21. Qa2 Nxd4 22. Bxd4 exd4 23. c5+ Kh7 24. c6 Nc5 25.
Ncxd4 Qe4 $4 26. Ng5+ $1 1-0

[Event "Michigan Amateur"]
[Site "Kalamazoo, MI"]
[Date "2000.07.30"]
[Round "5.1"]
[White "Williams, Ken"]
[Black "Williams, Ron"]
[Result "0-1"]
[WhiteElo "1823"]
[BlackElo "1982"]
[Annotator "Jeff Aldrich"]
[PlyCount "68"]
[EventDate "2000.07.29"]

{Indian: Mexican} 1. d4 Nf6 2. c4 Nc6 3. Nf3 e6 4. a3 a5 5. Nc3 d6 6. e4 Be7 7.
Be2 O-O 8. O-O e5 9. d5 Nb8 10. Ne1 Nbd7 11. Be3 Re8 12. b4 {Typical of the
pawn structure; white will play on the queen-side and black on the king-side.
It will come down to who can break through first.} b6 13. Nd3 Nf8 14. f3 Ng6
15. Qb3 Bd7 16. Rfc1 Nh5 17. Rd1 Bg5 18. Bf2 Nhf4 19. c5 bxc5 20. bxc5 Rb8 21.
Qc2 Nxe2+ 22. Nxe2 f5 23. Rab1 fxe4 24. fxe4 Bg4 25. Rxb8 Qxb8 26. Rb1 Qc8 27.
Nc3 Rf8 28. h3 $6 {This does nothing more the weaken the king-side.} ({White
would be much better off continuing to play on the queen-side with something
like} 28. Rb5) 28... Bxh3 $5 {Makes sense since all black's pieces are
pointing toward the king-side and most of white's pieces are heading toward
the queen-side.} 29. gxh3 Qxh3 30. Ne1 Bh4 31. Rb3 Nf4 32. cxd6 cxd6 33. Bxh4
Qxh4 34. Qf2 $2 {But not much else would help in this position.} Nh3+ 0-1

[Event "Michigan Amateur"]
[Site "Kalamazoo, MI"]
[Date "2000.07.30"]
[Round "4"]
[White "Williams, Ken"]
[Black "Templeton, Kem"]
[Result "1-0"]
[WhiteElo "1823"]
[BlackElo "1794"]
[Annotator "Jeff Aldrich"]
[PlyCount "59"]
[EventDate "2000.07.29"]

{Queen's Indian: Fianchetto (Rubinstein)} 1. d4 e6 2. c4 b6 3. Nf3 Bb7 4. g3
Nf6 5. Bg2 c5 6. d5 exd5 7. Nh4 Qc7 8. cxd5 d6 9. Nc3 g6 10. O-O Bg7 11. Bf4 a6
12. a4 O-O 13. Qd2 Re8 14. Bh6 Bh8 15. h3 Qe7 16. e4 {White has gained the
spacial advantage and black's pieces are uncoordinated.} Nbd7 $2 {DIAGRAM} 17.
Nf5 $3 Qe5 {But now the queen is trapped.} (17... gxf5 18. Qg5+) ({or} 17...
Qd8 18. Nxd6 Re5 19. Nxb7) 18. f4 Nxe4 19. Bxe4 Qf6 20. Bg5 gxf5 21. Bxf6 Bxf6
22. Bxf5 Bd4+ 23. Kh2 Nf6 24. Rae1 Nxd5 25. Nxd5 Bxd5 26. Rxe8+ Rxe8 27. Re1
Rxe1 28. Qxe1 Bxb2 29. Bxh7+ Kxh7 30. Qb1+ 1-0

[Event "Michigan Amateur"]
[Site "Kalamazoo, MI"]
[Date "2000.07.30"]
[Round "5"]
[White "West, Tony"]
[Black "Councell, Keith"]
[Result "1-0"]
[WhiteElo "1815"]
[BlackElo "1345"]
[PlyCount "73"]
[EventDate "2000.07.29"]

1. e4 c6 2. d4 d5 3. exd5 cxd5 4. c4 e6 5. Nc3 dxc4 6. Bxc4 Bb4 7. Nf3 Nf6 8.
Qa4+ Nc6 9. Bb5 Bd7 10. O-O Bxc3 11. bxc3 O-O 12. Qc2 Ne7 13. Bd3 Bc6 14. Ne5
Qd5 15. Nxc6 Nxc6 16. Re1 Rac8 17. Qd1 Ne7 18. c4 Qh5 19. Qb3 Qh4 20. Qb2 Rfd8
21. Be3 Ng6 22. h3 Nf4 23. Bf1 Qg5 24. g3 N6h5 25. Kh2 Rxc4 26. Bxc4 Qf5 27.
gxf4 Nxf4 28. Bf1 g5 29. Qxb7 Nd5 30. Qb3 g4 31. hxg4 Qxg4 32. Bh3 Qf3 33. Rg1+
Kh8 34. Raf1 Nf4 35. Bxf4 Qxf4+ 36. Qg3 Qxd4 37. Rd1 1-0

[Event "Michigan Amateur"]
[Site "Kalamazoo, MI"]
[Date "2000.07.30"]
[Round "5"]
[White "Thomas, Courtney"]
[Black "Robertson, John"]
[Result "0-1"]
[WhiteElo "1046"]
[BlackElo "1480"]
[PlyCount "62"]
[EventDate "2000.07.29"]

1. d4 d5 2. Bg5 Nf6 3. Nf3 e6 4. e3 c5 5. c3 Be7 6. Bd3 Qb6 7. Qc1 Bd7 8. O-O
Bb5 9. Bxb5+ Qxb5 10. Nbd2 O-O 11. Rb1 Nc6 12. Re1 Rfe8 13. b4 cxd4 14. cxd4
Rec8 15. Qb2 Qxb4 16. Qxb4 Bxb4 17. Bxf6 gxf6 18. Rec1 Bxd2 19. Nxd2 b6 20. Kf1
Kf8 21. Ke2 Ke7 22. Kd3 Kd7 23. a3 Rc7 24. Rb5 Nb4+ 25. Ke2 Rxc1 26. Rxb4 Rac8
27. Kf3 R8c2 28. Rb1 Rxb1 29. Nxb1 Rb2 30. Nc3 Rb3 31. Nb5 Rxb5 0-1

[Event "Michigan Amateur"]
[Site "Kalamazoo, MI"]
[Date "2000.07.30"]
[Round "4"]
[White "Smith, Les L"]
[Black "Armstead, Curt"]
[Result "1/2-1/2"]
[WhiteElo "1800"]
[BlackElo "1847"]
[PlyCount "51"]
[EventDate "2000.07.29"]

1. f4 d5 2. Nf3 c5 3. e3 g6 4. d4 Bg7 5. c3 Nc6 6. Bd3 Nf6 7. O-O O-O 8. Nbd2
Bf5 9. Bxf5 gxf5 10. dxc5 Ne4 11. Nd4 e6 12. Qh5 Nxc5 13. Rf3 Qf6 14. Nf1 Qh6
15. Qxh6 Bxh6 16. Bd2 Ne4 17. Be1 Bg7 18. Bh4 Bf6 19. Bxf6 Nxf6 20. Rh3 Nxd4
21. exd4 Ne4 22. Ng3 Kh8 23. Nh1 Rg8 24. Nf2 Rg7 25. Nd3 Rag8 26. g3 1/2-1/2

[Event "Michigan Amateur"]
[Site "Kalamazoo, MI"]
[Date "2000.07.30"]
[Round "5"]
[White "Skidmore, Jennifer"]
[Black "Grzegorczyk, Ron"]
[Result "1-0"]
[WhiteElo "1867"]
[BlackElo "1537"]
[PlyCount "45"]
[EventDate "2000.07.29"]

1. e4 c5 2. Nc3 Nc6 3. f4 d6 4. Bb5 e5 5. fxe5 dxe5 6. Qh5 Bd7 7. Bxc6 Bxc6 8.
Qxe5+ Qe7 9. Nf3 Nf6 10. d3 b5 11. Bg5 b4 12. Ne2 h6 13. Bh4 Rc8 14. O-O c4 15.
Rac1 Bb7 16. Qb5+ Qd7 17. Qe5+ Be7 18. Nfd4 O-O 19. Nf5 Rc7 20. Nxh6+ gxh6 21.
Bxf6 Bd6 22. Qh5 Rc5 23. Qxh6 1-0

[Event "Michigan Amateur"]
[Site "Kalamazoo, MI"]
[Date "2000.07.30"]
[Round "4.14"]
[White "Shelton, Harold"]
[Black "Griffin, John"]
[Result "1-0"]
[WhiteElo "1139"]
[BlackElo "1500"]
[PlyCount "88"]
[EventDate "2000.07.29"]

1. e4 c5 2. Nf3 Nc6 3. Nc3 d6 4. Bb5 e6 5. d4 cxd4 6. Nxd4 Bd7 7. Nxc6 Bxc6 8.
Bxc6+ bxc6 9. O-O g6 10. Re1 Bg7 11. Qf3 Qf6 12. Qg3 Qe7 13. Bf4 e5 14. Be3 Qc7
15. Rad1 Nf6 16. b4 O-O 17. Bg5 Ne8 18. Qd3 h6 19. Bh4 g5 20. Bg3 Rd8 21. Rb1
Nf6 22. b5 Nh5 23. bxc6 Nxg3 24. Nd5 Qa5 25. Qxg3 Rfe8 26. Red1 Rc8 27. c7 Rxc7
28. Nxc7 Qxc7 29. Qd3 Bf8 30. Rb3 Rc8 31. Rc1 Be7 32. Qd5 Qc5 33. Rb7 Qxd5 34.
exd5 Kf8 35. Rxa7 g4 36. Ra3 Bg5 37. Re1 Rxc2 38. Ra8+ Kg7 39. a4 Rd2 40. a5
Ra2 41. a6 Bd2 42. Rb1 Bb4 43. g3 Bc5 44. Kf1 f5 {There is more but it is
unreadable} 1-0